ZKM Gdynia - 34 - Statystyki

Ogólne statystyki
  • Ten quiz został rozwiązany 13 razy
  • Średni wynik to 18 z 20
Statystyki odpowiedzi
Przystanek Ulica % Poprawnych
Demptowo Sakowicza
100%
Skarbka I Skarbka
100%
Skarbka II Skarbka
100%
3 Maja 10 Lutego
90%
Armii Krajowej Władysława IV
90%
Bpa Okoniewskiego Morska
90%
Gdynia Dworzec Gł. PKP - Morska Morska
90%
Kalksztajnów Morska
90%
Kilińskiego Władysława IV
90%
Mireckiego Morska
90%
Morska - Estakada Morska
90%
Raduńska Kartuska
90%
Stocznia SKM - Morska Morska
90%
Uniwersytet Morski Morska
90%
Węzeł Żołnierzy Wyklętych Morska
90%
Wiejska Morska
90%
Chabrowa Kartuska
80%
Chylonia Centrum Morska
80%
Urząd Miasta - Władysława IV Władysława IV
80%
Węzeł Franciszki Cegielskiej Kielecka
80%
Nie znaleziono quizów pasujących do podanych kryteriów
Rozkład punktacji
Procent ludzi z każdym wynikiem
Percentyl według liczby udzielonych odpowiedzi
Twoja historia wyników
Nie rozwiązałeś tego quizu